Statistiques concernant Vainqueurs du Trophée des champions

Cliquez ici pour prendre le quiz!

Statistiques générales

  • Ce quiz a été pris 109 fois
  • Le résultat moyen est 21 sur 22

Statistiques - réponses

AnnéeVainqueur% Correct
1995Paris Saint-Germain
100%
2013Paris Saint-Germain
100%
2016Paris Saint-Germain
100%
2015Paris Saint-Germain
100%
2014Paris Saint-Germain
100%
2017Paris Saint-Germain
100%
1998Paris Saint-Germain
100%
2002Olympique lyonnais
99%
2003Olympique lyonnais
99%
2004Olympique lyonnais
99%
2005Olympique lyonnais
99%
2006Olympique lyonnais
99%
2012Olympique lyonnais
99%
2007Olympique lyonnais
99%
2010Olympique de Marseille
98%
2011Olympique de Marseille
98%
2008Girondins de Bordeaux
91%
2009Girondins de Bordeaux
91%
2001FC Nantes
87%
1999FC Nantes
87%
1997AS Monaco
86%
2000AS Monaco
86%

Distribution des résultats

Percentile par nombre de réponses

% des personnes avec chaque résultat

Votre développement - résultats

Vous n’avez pas pris ce quiz